000 00769nam a2200229Ii 4500
003 JO-AjNU
008 230605s9999||||xx |||||||||||||| ||und||
017 _a2005/19591
020 _a977-5433-79-7
040 _aJO-AjNU
_bara
_erda
_cJO-AjNU
041 _aara
050 1 4 _aHF5415.32.U47.2008
100 3 _aعمر،ايمن علي,
_eauthor
_932589
245 0 0 _aقراءات في سلوك المستهلك
250 _aط2 منقحة
264 3 1 _aالاسكندرية:الدار الجامعية؛2008
300 _a295ص
_bيحتوي على ببلوغرافية من ص291-295ص
336 _atext
_btxt
_2rdacontent
337 _aunmediated
_bn
_2rdamedia
338 _avolume
_bnc
_2rdacarrier
650 4 _aالمستهلكون-سلوك-تسويق
_932590
999 _aA13175
_c16743
_d16743